Statistiques concernant Culture Générale - Série 46

Cliquez ici pour prendre le quiz!

Statistiques générales

  • Ce quiz a été pris 1 050 fois
  • Le résultat moyen est 5 sur 10

Statistiques - réponses

QuestionRéponse% Correct
Qui a gagné le grand prix de l’Eurovision de 1965 avec "Poupée de cire, poupée de son" ?France Gall
82%
Quel groupe a réalisé "The Wall", l’album le plus vendu de l’histoire du rock ?Pink Floyd
79%
En 1952, le roi Farouk a été renversé par une junte d’officiers dirigée par le colonel Naguib. Dans quel pays était-ce ?Egypte
52%
Quel nom portait la coalition politique qui arrive au pouvoir en 1936 ?Front Populaire
48%
Quel célèbre compositeur a signé de nombreuses musiques des films de Sergio Leone ?Ennio Morricone
46%
Qui parle de sa "gueule de métèque" dans une chanson ?Georges Moustaki
42%
Le nom de code du débarquement allié en 1944 en Normandie était : "Opération ....Overlord
39%
La bataille de Valmy a eu lieu en :1792
25%
Quel interprète américain chante sous la pluie dans le film du même nom "Singin’ in the Rain" ?Gene Kelly
23%
Quel musicien a composé "La symphonie fantastique " ?Hector Berlioz
20%

Distribution des résultats

Percentile par nombre de réponses

% des personnes avec chaque résultat

Votre développement - résultats

Vous n’avez pas pris ce quiz